Philosophy and archaic experience : essays in honor of Edward G. Ballard /

Bibliographic Details
Other Authors: Sallis, John, 1938-
Format: Book
Language:English
Published: Pittsburgh : Duquesne University Press ; [1982]
Edition:1st ed.
Series:Duquesne studies. Philosophical series ; v. 38.
Subjects:

MARC

Tag First Indicator Second Indicator Subfields
LEADER 00000pam a2200000 a 4500
001 in00000092866
005 20150923173333.0
008 811027s1982 pau b 01000 eng
010 |a  81017254  
020 |a 0820701521 
035 |a (OCoLC)07945223 
035 |9 AAK7873AM 
039 0 |a 2  |b 3  |c 3  |d 3  |e 3 
040 |a DLC  |c DLC  |d TXA  |d UtOrBLW 
049 |a TXAM  |c [1443373] 
050 0 0 |a B945 B254  |b  P47 1982 
082 0 |a 191  |2 19 
245 0 0 |a Philosophy and archaic experience :  |b essays in honor of Edward G. Ballard /  |c edited by John Sallis. 
250 |a 1st ed. 
264 1 |a Pittsburgh :  |b Duquesne University Press ;  |c [1982] 
264 2 |a Atlantic Highlands, N.J. :  |b Distributed by Humanities Press, 
264 4 |c ©1982 
300 |a ix, 234 pages ;  |c 24 cm. 
336 |a text  |b txt  |2 rdacontent 
337 |a unmediated  |b n  |2 rdamedia 
338 |a volume  |b nc  |2 rdacarrier 
490 1 |a Duquesne studies. Philosophical series,  |v v. 38 
504 |a Bibliography: pages 227-231. 
600 1 0 |a Ballard, Edward G. 
650 0 |a Experience. 
650 0 |a Philosophy. 
700 1 |a Sallis, John,  |d 1938- 
830 0 |a Duquesne studies.  |p Philosophical series ;  |v v. 38. 
999 |a MARS 
999 f f |s f5e7a7cc-6f3b-39a9-a228-c3639468aecf  |i 44d2755b-3847-37d4-b38e-b1e3c6a90816  |t 0 
952 f f |p ric  |a Texas A&M University  |b Rellis Campus  |c Joint Library Facility  |d Remote Storage  |t 0  |e B945.B254 P47 1982  |h Library of Congress classification  |i unmediated -- volume  |m A14806014931 
998 f f |a B945.B254 P47 1982  |t 0  |l Remote Storage